|
|
|
|
| LEADER |
01804njm a2200373 a 4500 |
| 001 |
001186807 |
| 003 |
CZ BrMZK |
| 005 |
20120224092040.0 |
| 007 |
sd fsngnnmmned |
| 008 |
111216s1999 xr sgn g cze d |
| 028 |
0 |
1 |
|a BH 0004-2 431
|b Largo
|
| 040 |
|
|
|a BOA001
|b cze
|
| 048 |
|
|
|b vu 01
|a ca01
|a oz01
|
| 072 |
|
7 |
|a 784
|x Vokální hudba
|2 Konspekt
|9 9
|
| 080 |
|
|
|a 783.28.088
|2 MRF
|
| 080 |
|
|
|a (086.76)
|2 MRF
|
| 110 |
2 |
|
|a Sourozenci Baťkovi (hudební skupina)
|7 kn20100726001
|
| 245 |
1 |
0 |
|a Vánoční sen
|h [zvukový záznam]
|
| 260 |
|
|
|a Kostice :
|b Largo,
|c 1999
|
| 300 |
|
|
|a 1 zvuková deska :
|b digital ;
|c 12 cm
|
| 500 |
|
|
|a Kompaktní deska (AAD, DDD)
|
| 505 |
0 |
0 |
|t Dny dárků a přání --
|t Do dětských snů --
|t Přistupte věřící --
|t Podívej, podívej --
|t Vánoční krajinou --
|t Betlémská hvězda --
|t Vánoční sen --
|t Děťátko se narodilo --
|t Co to znamená ;
|t Matka nás všech --
|t S pastýři pospíchejte --
|t Vzhůru bratři milí --
|t Přes prahy domovů --
|t Šťastný návrat --
|t Gloria --
|t Vánoční zvon --
|t Co se tak svítí v Betlémě ;
|t Vzhůru, vzhůru pastuškové
|
| 511 |
0 |
|
|a Sourozenci Bažkovi a přátelé
|
| 518 |
|
|
|a Nahráno v září 1999 ve Slováckém divadle v Uherském Hradišti
|
| 650 |
0 |
7 |
|a vánoční písně, úpravy
|7 ph315294
|2 czenas
|
| 650 |
0 |
4 |
|a vánoční písně (zpěv, klavír, flétna, kontrabas, komorní sbor)
|
| 655 |
|
7 |
|a kompaktní desky
|7 fd201991
|2 czenas
|
| 700 |
1 |
|
|a Baťka, Zdeněk,
|d 1960-
|7 jx20060613008
|4 cmp
|
| 700 |
1 |
|
|a Smišovský, Blahoslav,
|d 1931-2011
|7 ola200209211
|4 cmp
|
| 700 |
1 |
|
|a Fojta, Josef,
|d 1973-
|7 xx0077606
|4 cmp
|
| 910 |
2 |
|
|a BOA001
|b CDR-1276.330
|
| 990 |
|
|
|a AV
|
| 991 |
|
|
|b 201202
|
| 996 |
6 |
|
|b 2610497227
|c CDR-1276.330
|l MZK
|r Sklad / do 24 hodin
|n 1
|p p.v.
|w 001221467
|u 000010
|a 1
|e BOA001
|j MZK50
|s P
|